| 000 | 01062nam a2200265 i 4500 | ||
|---|---|---|---|
| 001 | 180904 | ||
| 003 | ES-MaACL | ||
| 005 | 20250728192312.0 | ||
| 008 | 120821s2010 sp aceo |||| | spa d | ||
| 080 | _a725.826(460.356 Ronda):791.862(091) | ||
| 245 | 0 | 0 |
_aPlaza de toros de Ronda, 225 años _b: [exposición] / _c[comisario, Pedro Romero de Solís ; edición de contenidos, Diego Carrasco]. |
| 250 | _a1ª ed. | ||
| 260 |
_aRonda : _bReal Maestranza de Caballería de Ronda, _c2010. |
||
| 300 |
_a91 p. : _bil. col. y n., fot. ; _c22 x 24 cm. |
||
| 610 | 2 | 7 |
_aMaestranza de Ronda. _9151334 |
| 651 | 7 |
_aRonda- _xEdificios, estructuras, etc. _9149768 |
|
| 700 | 1 |
_aRomero de Solís, Pedro. _999375 |
|
| 700 | 1 |
_aCarrasco, Diego, _d1954- _9151335 |
|
| 710 | 2 |
_aReal Maestranza de Caballería de Ronda. _96365 |
|
| 852 |
_aES-MaACL _jA-12187 _9187783 _bR.147095 _cDEPO1 _dOlim: N-5192 _xDonacion:R.A.E |
||
| 914 |
_96336 _aReal Academia Española _ednr |
||
| 942 |
_2udc _cMONOGRAFIA |
||
| 999 |
_c180904 _d180904 |
||